Culture Générale - Série 2139 - Statistiques

Statistiques générales
  • Ce quiz a été pris 101 fois
  • Le résultat moyen est 5 sur 10
Statistiques - réponses
Question Réponse % Correct
Comment appelle-t-on la femelle du lièvre ? hase
89%
De quel pays est originaire la danse appelée "jota" ? Espagne
83%
Comment appelle-t-on familièrement les muscles du bras (biceps) ? biscotos
61%
Quel animal est une "holstein" ? vache
61%
Dans quelle région d'Italie se trouve la ville de Varèse ? Lombardie
54%
Quel mot peut désigner le sommet arrondi d'une colline, d'une montagne ou le bout du sein, chez la femme ? mamelon
42%
L'ibéride est une plante crucifère nommée aussi corbeille d'... argent
29%
Meuble rustique utilisé pour la conservation de la farine et, comme pétrin, pour la fabrication du pain. voir photo maie
27%
Quel auteur (1828-1905) a écrit "La jangada" ? Jules Verne
7%
Quel nom porte le voilier français destiné à la recherche scientifique et à la défense de l'environnement, anciennement baptisé Antarctica puis Seamaster ? Tara
3%
Aucun quiz correspondant
Distribution des résultats
% des personnes avec chaque résultat
Percentile par nombre de réponses
Votre historique - résultats
Vous n’avez pas pris ce quiz